000 00416nam a2200181Ia 4500
001 13884
005 20260306164833.0
008 260306t1997||||xx |||||||||||||| ||spa||
041 _aESP
082 _a005.43
_bS78
100 _aStallings, William
_eAUT
245 0 _aSistemas operativos
260 _c1997
300 _a732 páginas :
_c25 cm.
650 _aGEN
654 _aCCC
942 _cLIB
_dJUS
_fJUS
_2ddc
_n
999 _c13884
_d13884